000 01125nam0a2200313 4500
001 RU\NLR\bibl\149757
005 20260406135259.0
010 _a5-89329-020-3
_92000
035 _a(NLR Aleph) 000146786
090 _a841504
_c841504
100 _a20010417d1997 |||y0rusy50 ca
101 1 _arus
_cger
102 _aRU
105 _ay |||||||||
200 1 _aПсихоанализ и детские неврозы
_e[Пер. с нем.]
_fЗигмунд Фрейд
210 _aСПб.
_cАлетейя
_d1997
215 _a295,[1] с.
_d17
320 _aБиблиогр. в тексте коммент.
606 0 _aНеврозы у детей
_xПсихоанализ
_92207993
_3RU\NLR\auth\661326507
606 0 _aНеврозы детей
_xПсихоанализ
_92131305
_3RU\NLR\auth\661285761
686 _aЮ948.43-953.6-734
700 1 _4070
_8rus
_7ca
_aФрейд
_bЗ.
_f1856-1939
_gЗигмунд
_3RU\NLR\auth\772621
_9112631
801 0 _aRU
_bNLR
_c20010417
_gPSBO
801 1 _aRU
_bNLR
_c20010417
852 _aNLR
_j2001-2/23
942 _cBOOK
980 _aNB